LEADER 01314cam2-2200421---450- 001 990003468610203316 005 20110207101437.0 010 $a978-88-8416-209-0 035 $a000346861 035 $aUSA01000346861 035 $a(ALEPH)000346861USA01 035 $a000346861 100 $a20101117d2009----km-y0itay50------ba 101 1 $aita$cger 102 $aIT 105 $aa---||||001yy 200 1 $aPer monstra ad sphaeram$fAby Warburg$ga cura di Davide Stimilli e Claudia Wedepohl 210 $aMilano$cAbscondita$d2009 215 $a172 p.$cill.$d23 cm 225 2 $aCarte d'artisti$v114 410 0$1001000122838$12001$aCarte d'artisti$v, 114 606 0 $aArte$xSimboli$2BNCF 676 $a704.946 700 1$aWARBURG,$bAby$0446037 702 1$aSTIMILLI,$bDavide 702 1$aWEDEPOHL,$bClaudia 801 0$aIT$bsalbc$gISBD 912 $a990003468610203316 951 $aXII.2. Coll. 47/ 59$b220002 L.M.$cXII.2. Coll.$d00284072 959 $aBK 969 $aUMA 979 $aPASSARO$b90$c20101117$lUSA01$h1233 979 $aPASSARO$b90$c20101117$lUSA01$h1238 979 $aPASSARO$b90$c20101119$lUSA01$h1248 979 $aPASSARO$b90$c20101119$lUSA01$h1315 979 $aANNAMARIA$b90$c20110207$lUSA01$h1014 996 $aPer monstra ad sphaeram$91112003 997 $aUNISA